| 000 | 00629nam a2200217Ia 4500 | ||
|---|---|---|---|
| 999 |
_c20337 _d20337 |
||
| 001 | 19975 | ||
| 003 | PK-LaUMT | ||
| 005 | 20221213162726.0 | ||
| 008 | 140408s9999 xx 000 0 und d | ||
| 020 | _a0-13-019509-x | ||
| 040 | _cPK-LaUMT | ||
| 082 |
_aMR 338.5 _bPIN-M |
||
| 100 | _aPindyck, Robert S. | ||
| 245 |
_aMicroeconomics (transparencies) [shelved in RESOURCE MANUAL SHELF as loose copies] _cPindyck, Robert S.<>Rubinfeld, Daniel L. |
||
| 250 | _a5th | ||
| 260 |
_aUpper Saddle River,USA: _bPrentice Hall, _c2001 |
||
| 300 | _a321 p. | ||
| 546 | _aEN | ||
| 700 | _aRubinfeld, Daniel L. | ||
| 942 |
_cSTK2002 _2ddc |
||